000 01206cam a22002891i 4500
003 SA-RiAUC
005 20250716062820.0
008 250715s1996 ua g 000 0 ara c
020 _a9775040249
040 _aSA-JeALM
_bara
_cSA-RiAUC
_erda
043 _aa-su---
082 0 4 _a953.08
_qSA-RiAUC
090 _a953.08
_b ع ب د م
100 1 _aعبد المنعم، صبحي
_eمؤلف.
245 1 2 _aالمجتمع الحجازي في العصر المملوكي /
_cد. صبحي عبد المنعم.
264 1 _aالقاهرة :
_bالعربي للنشر والتوزيع،
_c1997
300 _a85 صفحة.
_c24 سم.
336 _aنص
_btxt
_2rdacontent
_3كتاب
337 _aبدون وسيط
_bn
_2rdamedia
338 _aمجلد
_bnc
_2rdacarrier
490 1 _aالمكتبة التاريخية
651 7 _aالحجاز (السعودية)
_xتاريخ
_yالعصر المملوكي، 648-922 هجري.
_2aucsh
651 7 _aالحجاز (السعودية)
_xأحوال اجتماعية
_yالعصر المملوكي، 648-922 هجري
_2aucsh
830 2 _aالمكتبة التاريخية (دار العربي)
942 _2ddc
_cBOOK
_n0
949 _aSA-JeALM
_d250715
_uosman123
_n1
999 _c9975
_d9975